=LDR 00000nam 2200000 4500 =001 INLIS000000000050756 =005 20170516083541 =035 ##$$a 0010-0517000409 =007 ta =008 170516###########################0###### =020 ##$$a 978-602-296-063-8 =082 ##$$a 959.801 =084 ##$$a 959.801 PAN k =100 #$$a Panji, Teguh =245 1#$$a Kitab Sejarah Terlengkap Majapahit /$c Teguh Panji =250 ##$$a Cet.1 =260 ##$$a Yogyakarta :$b Laksana,$c 2015 =300 ##$$a 364 hlm. : $b Ilus ; $c 24 cm. =650 ##$$a MAJAPAHIT =990 ##$$a 85438543 =990 ##$$a 85438543 =990 ##$$a 31700305 =990 ##$$a 02201708543 =990 ##$$a 31700306 =990 ##$$a 31700305